| 000 | 01154cab a22002655a 4500 | ||
|---|---|---|---|
| 001 | L149486 | ||
| 008 | 100309e20100306xxk 000 0 eng d | ||
| 035 | _a(Sirsi) u149486 | ||
| 041 | 0 | _aeng | |
| 100 | 1 | _aQuinn, David | |
| 245 | 0 | 0 | _aFocus Cambs, Norfolk and Suffolk |
| 260 | _c2010 | ||
| 490 |
_aEstates Gazette _v(1009) 6 March 2010, 137-157(18) |
||
| 520 | _aProperty company Brookgate took over the assets of collapsed property company Ashwell in December 2009 in a prepack administration backed by Ashwell's creditors Lloyds Banking Group including its CB1's development in Cambridge. Agents talk survival strategies. A general round up on office, industrial, retail markets in Cambridgeshire, Norfolk and Suffolk and investment opportunites available. Overview of science parks focusing on Cambridge Science Park 40 years old in 2010. | ||
| 590 | _aKA | ||
| 651 | 4 | _aCambridgeshire | |
| 651 | 4 | _aNorfolk | |
| 651 | 4 | _aSuffolk | |
| 690 | _aPROPERTY-COMMERCIAL PROPERTY-COMMERCIAL PROPERTY MARKET | ||
| 700 | 1 | _aElghamry, Nadia | |
| 700 | 1 | _aParr, Lauren | |
| 700 | 1 | _aSmith, Melanie | |
| 700 | 1 | _aCunningham, David | |
| 942 | _n0 | ||
| 999 |
_c82183 _d82183 |
||